বিক্রমপুরের ইতিহাস : (Record no. 199026)
[ view plain ]
| 000 -LEADER | |
|---|---|
| fixed length control field | 00769nam a22001697a 4500 |
| 003 - CONTROL NUMBER IDENTIFIER | |
| control field | BD-DhUL |
| 005 - DATE AND TIME OF LATEST TRANSACTION | |
| control field | 20170517181104.0 |
| 008 - FIXED-LENGTH DATA ELEMENTS--GENERAL INFORMATION | |
| fixed length control field | 170517s2001 bg ||||| |||| 00| 0 ben |
| 040 ## - CATALOGING SOURCE | |
| Original cataloging agency | BD-DhUL |
| Transcribing agency | BD-DhUL |
| 082 ## - DEWEY DECIMAL CLASSIFICATION NUMBER | |
| Classification number | 954.922 |
| Item number | GUB |
| 100 1# - MAIN ENTRY--PERSONAL NAME | |
| Personal name | গুপ্ত, যোগেন্দ্রনাথ |
| 245 10 - TITLE STATEMENT | |
| Title | বিক্রমপুরের ইতিহাস : |
| Remainder of title | প্রাচীন বৈদিক যুগ হইতে মুসলমান বিজয় পর্যন্ত, ১ম খণ্ড / |
| 260 ## - PUBLICATION, DISTRIBUTION, ETC. (IMPRINT) | |
| Place of publication, distribution, etc. | ঢাকা : |
| Name of publisher, distributor, etc. | ঘাসফুল নদী, |
| Date of publication, distribution, etc. | ২০০১. |
| 300 ## - PHYSICAL DESCRIPTION | |
| Extent | খ. : |
| Other physical details | চিত্র, মানচিত্র ; |
| Dimensions | ২২ সেমি. |
| 651 #0 - SUBJECT ADDED ENTRY--GEOGRAPHIC NAME | |
| Geographic name | বিক্রমপুর - ইতিহাস |
| 942 ## - ADDED ENTRY ELEMENTS (KOHA) | |
| Source of classification or shelving scheme | |
| Koha item type | Books |
| Price effective from | Date last seen | Permanent Location | Not for loan | Date acquired | Source of classification or shelving scheme | Koha item type | Lost status | Withdrawn status | Source of acquisition | Collection code | Damaged status | Shelving location | Barcode | Current Location | Full call number |
|---|---|---|---|---|---|---|---|---|---|---|---|---|---|---|---|
| 2017-05-17 | 2017-05-17 | Dhaka University Library | Not For Loan | 2017-05-17 | Books | Gift | Non Fiction | Dr. Aftab Ahmed Collection | 425869 | Dhaka University Library | 954.922 GUB | ||||
| 2017-05-17 | 2017-05-17 | Dhaka University Library | Not For Loan | 2017-05-17 | Books | Gift | Non Fiction | Dr. Aftab Ahmed Collection | 429450 | Dhaka University Library | 954.922 GUB |
